Ziggy and the Black Dinosaurs / (Record no. 681)

MARC details
000 -LEADER
fixed length control field 01070nam a22002897a 4500
005 - DATE AND TIME OF LATEST TRANSACTION
control field 20230630091648.0
020 ## - INTERNATIONAL STANDARD BOOK NUMBER
International Standard Book Number 0940975483 (pbk.) :
Terms of availability $6.00
040 ## - CATALOGING SOURCE
Original cataloging agency OCo
Transcribing agency OCo
Modifying agency DLC
050 00 - LIBRARY OF CONGRESS CALL NUMBER
Classification number PZ7.D78325
Item number Zi 1994
082 00 - DEWEY DECIMAL CLASSIFICATION NUMBER
Classification number [Fic]
Edition number 20
100 1# - MAIN ENTRY--PERSONAL NAME
Personal name Draper, Sharon M.
Fuller form of name (Sharon Mills)
245 10 - TITLE STATEMENT
Title Ziggy and the Black Dinosaurs /
Statement of responsibility, etc. by Sharon M. Draper ; illustrated by James Ransome.
260 ## - PUBLICATION, DISTRIBUTION, ETC.
Place of publication, distribution, etc. New York :
Name of publisher, distributor, etc. Scholastic,
Date of publication, distribution, etc. 1994.
300 ## - PHYSICAL DESCRIPTION
Extent 78 pages :
Other physical details illustrations;
Dimensions 23 cm.
505 ## - FORMATTED CONTENTS NOTE
Formatted contents note M <br/>
520 ## - SUMMARY, ETC.
Summary, etc. When the Black Dinosaurs, a club made up of four African American friends, discover what's hidden in an old trunk buried near their clubhouse, they set out to solve the mystery.
521 ## - TARGET AUDIENCE NOTE
Target audience note 720 <br/>
Source Lexile <br/>
521 ## - TARGET AUDIENCE NOTE
Target audience note M <br/>
Source Raz-Plus <br/>
650 #1 - SUBJECT ADDED ENTRY--TOPICAL TERM
Topical term or geographic name entry element African Americans
Form subdivision Fiction.
650 #1 - SUBJECT ADDED ENTRY--TOPICAL TERM
Topical term or geographic name entry element Mystery and detective stories.
650 #1 - SUBJECT ADDED ENTRY--TOPICAL TERM
Topical term or geographic name entry element Clubs
Form subdivision Fiction.
700 1# - ADDED ENTRY--PERSONAL NAME
Personal name Ransome, James,
Relator term illustrator.
906 ## - LOCAL DATA ELEMENT F, LDF (RLIN)
a 7
b cbc
c copycat
d 2
e opcn
f 19
g y-gencatlg
942 ## - ADDED ENTRY ELEMENTS (KOHA)
Source of classification or shelving scheme Dewey Decimal Classification
Koha item type Books
Suppress in OPAC No
999 ## -
-- 681
-- 681
Holdings
Withdrawn status Lost status Source of classification or shelving scheme Damaged status Not for loan Collection Home library Current library Shelving location Date acquired Total Checkouts Full call number Barcode Date last seen Price effective from Koha item type
    Library of Congress Classification     Fiction Footprints International School Library Network Toul Kork Campus Footprints International School Library Network Toul Kork Campus TK Primary Library Room(4th Floor), Bookcase 5&6, Shelves 33-56, Orange Books 06/29/2023   DRA Fic PZ7.D78325 FISTK00103 06/29/2023 06/29/2023 Books